000 02613cam a22005774i 4500
003 PE-LiUPU
005 20250731180105.0
008 150617s1944 r 000 0 d
035 _a(Sirsi) a19489
040 _aPE-LiUPU
_bspa
_cPE-LiUPU
_erda
049 _aPRUA
082 0 4 _a529.5
_bO35
_221
100 1 _aOdom, Robert Leo,
_d1901- ,
_eautor.
245 1 0 _aSunday in roman paganism :
_ba history of the planetary week and its "day of the Sun" in the heathenism of the Roman world during the early centuries of the Christian era /
_cRobert Leo Odom.
264 1 _aWashington :
_bReview and Herald,
_c1944.
300 _a272 páginas ;
_c20 cm
336 _atext
_2rdacontent
337 _aunmediated
_2rdamedia
338 _avolume
_2rdacarrier
504 _aIncluye bibliografía.
505 0 _aThe pagan planetary week -- Is the planetary week of Babylonian origin? -- The palnetary week in Mesopotamia -- The diffusion of chaldean astrology -- The palnetary week in Rome -- The planetary week in the first century B. C -- The planetary week in the first century A. D -- The planetary week in the second century A. D -- The planetary week in the third century A. D -- The sun, the Lord of the Roman empire -- On the lord's day of the sun -- The sunday of sun worshipáginas -The first civil sunday laws -- Sylcester and the days of the week -- The planetary week in the philocalian almanac -- The power behin yhe planetary week.
526 _aSEG44
526 _aSEG26
526 _aP159
526 _aP155
526 _aP154
526 _aP153
526 _aP150
526 _aP100
526 _aP31
526 _aP30
526 _aP26
526 _aP25
526 _aP24
526 _aP22
526 _aP15
526 _aP10
650 0 4 _aDomingo.
650 0 4 _aReligión romana.
650 0 4 _aSemana.
910 _ajck
_bjvq
_cjck
_d20150616
910 _ajck
_bncf
_cncf
_d20170516
942 _2ddc
_cBOOK
949 _a529.5 O35
_wDEWEY
_c1
_i15241
_lCCODEBUL1
_mBUL
_p00.00
_r0
_sY
_tBOOK
_u19770716
_xEDUCACION
_zUNKNOWN
_0COMPRA
_o.STAFF. Colección General
994 _aC0
_bPEPRU
596 _a1
999 _a529.5 O35
_wDEWEY
_c19296
_i15241
_f2019-12-11
_g4
_lDISCARD
_mBUL
_r0
_sN
_tBOOK
_u2015-6-17
_xEDUCACION
_zUNKNOWN
_0COMPRA
_o.STAFF. Colección General
_d19296
999 _a529.5 O35
_wDEWEY
_c2
_i75778
_f2021-11-11
_g4
_lCCODEBUL1
_mBUL
_p10.00
_r0
_sY
_tBOOK
_u2017-5-16
_xTEOLOGIA
_PP85
_0COMPRA
_o.STAFF. Colección Teologia
980 _81
_gALBERTO SANCHEZ Responsable de Automatización